| 000 | 00486nam a22001817a 4500 | ||
|---|---|---|---|
| 003 | CEME | ||
| 005 | 20210628203337.0 | ||
| 008 | 210115b xxu||||| |||| 00| 0 eng d | ||
| 020 | _a0-07-145427-6 | ||
| 040 | _cceme | ||
| 082 | _a629.13334 CLA | ||
| 100 |
_aClarke, Bill _964858 |
||
| 245 | _aThe illustrated buyer's guide to used airplanes | ||
| 260 |
_aNEW YORK _bMCGRAW HILL _c2006 |
||
| 300 | _aXIV,574 P | ||
| 650 |
_aBUYER'S GUIDE TO USED AIRPLANES _964859 |
||
| 942 |
_cBK _2ddc |
||
| 999 |
_c573226 _d573226 |
||